Malaysian festival cuisine

Bibliographic Details
Format: Book
Published: Kuala Lumpur : Berita Publishing , 1995
Subjects:

MARC

LEADER 00000cam a2200000 7i4500
001 0000009063
002 000009873
005 20000330.0
020 |a 9679693392 
090 0 0 |a 641.595   |b MAL 
245 0 0 |a Malaysian festival cuisine 
260 |a Kuala Lumpur :   |b Berita Publishing ,   |c 1995 
300 |a 136 p. :   |b ill. ;   |c 28 cm. 
650 0 0 |a Cookery   |z Malaysia 
999 |a 047715   |b BUKU   |c PINJAMAN   |e PERPUSTAKAAN KOMUNITI PETALING JAYA 
999 |a 047716   |b BUKU   |c PINJAMAN   |e PERPUSTAKAAN KOMUNITI PETALING JAYA 
999 |a 047810   |b BUKU   |c PINJAMAN   |e PERPUSTAKAAN KOMUNITI PETALING JAYA 
999 |a 056435   |b BUKU   |c PINJAMAN   |e PERPUSTAKAAN KOMUNITI CAW KOTA DAMANSARA 
999 |a 067973   |b BUKU   |c PINJAMAN   |e PERPUSTAKAAN KOMUNITI PETALING JAYA 
999 |a 067974   |b BUKU   |c PINJAMAN   |e PERPUSTAKAAN KOMUNITI PETALING JAYA